000 01063cam a2200337Ia 4500
001 91872
005 20230410132942.0
008 990210s1976 mx b 000 0 spa d
035 _a(OCoLC)ocm40765697
040 _aPMU
_cPMU
_dOCLCQ
_dOCLCG
035 _a(OCoLC)40765697
043 _ae-gx---
049 _aGRAL
050 1 4 _aB 2973
_bM392i 1976
100 1 _aMarx, Karl,
_d1818-1883.
245 1 0 _aIdeologia alemana ; tesis sobre Feuerback ; L. Feuerback y el fin de la filosofia clásica alemana /
_cC. Marx-F. Engels.
250 _a1. ed.
260 _aMexico :
_bEdiciones de Cultura Popular,
_c1976.
300 _a234 p. ;
_c17 cm.
440 0 _aBiblioteca Marx-Engels ;
_v4
504 _aIncludes bibliographical references.
600 1 0 _aFeuerbach, Ludwig,
_d1804-1872.
650 0 _aDialectic.
650 0 _aMaterialism.
700 1 _aEngels, Friedrich,
_d1820-1895.
740 0 2 _aTesis sobre Feuerback.
740 0 2 _aL. Feuerback y el fin de la filosofia clasica alemana.
942 _2lcc
_cbk
994 _aC0
_bDRFGD
946 _anc
999 _c90760
_d90760